| 000 | 01263nam a2200217Ia 4500 | ||
|---|---|---|---|
| 999 |
_c39295 _d39295 |
||
| 001 | 5881 | ||
| 003 | GE_BSU | ||
| 005 | 20191029115927.0 | ||
| 008 | 181216s1993||||ge |||||||||||||| ||geo|| | ||
| 040 | _cGE_BSU | ||
| 041 | _ageo | ||
| 080 | _a821.353.1-91-1 ა-95 | ||
| 245 |
_aაჭარის სახალხო მელექსეთა ანთოლოგია / _cემენ დავითაძის რედ. |
||
| 264 |
_aბათუმი : _bმამია ხარაზი, _c1993. |
||
| 300 |
_a472 გვ. ; _b20 სმ. |
||
| 520 | _a წიგნი - ანთოლოგია მოგვითხრობს აჭარის ცნობილ სახალხო მელექსეებზე, იმათზე, ვინც შეინახეს, აამაღლეს და თაობებს გადასცეს ქართული ხალხური მელექსეობის ძირძველი ტრადიციები | ||
| 653 | _aანთოლოგია | ||
| 700 |
_aდავითაძე, ემენ _eრედაქტორი _93500 |
||
| 700 |
_a ხარაზი, მამია _eგამომცემელი _95066 |
||
| 942 |
_cBK _2udc |
||